|
|
|
|
| LEADER |
00000nam a2200000 a 4500 |
| 001 |
UCZ7960 |
| 003 |
CL-VaPUC |
| 008 |
960112e19800000MX |||||||||||||||||spa|d |
| 082 |
0 |
4 |
|a 001.42
|b SJO
|2 21
|
| 100 |
0 |
|
|a Sjoberg, Gideon
|e author
|9 353013
|
| 245 |
1 |
0 |
|a Metodología de la investigación social
|
| 300 |
|
|
|a 418 p
|
| 942 |
|
|
|c BK
|
| 945 |
|
|
|d 19960112 00:00:00
|a cmena
|
| 260 |
|
|
|a Ciudad de México
|b Trillas
|c 1980
|
| 650 |
|
0 |
|a Métodos de investigación
|9 262618
|
| 650 |
|
0 |
|a Ciencias sociales
|v Investigación
|9 307767
|
| 650 |
|
0 |
|a Lógica
|9 256849
|
| 650 |
|
0 |
|a Información
|9 256927
|
| 650 |
|
0 |
|a Análisis de datos
|9 269871
|
| 583 |
|
|
|a last modification
|c 19960112 00:00:00
|k Rodrigo Vera
|
| 999 |
|
|
|c 243933
|d 243931
|
| 952 |
|
|
|0 0
|1 0
|4 0
|6 001_420000000000000_SJO_1980
|7 0
|8 A
|9 257808
|a BIBEDU
|b BIBEDU
|d 2019-11-19
|i 1614762
|l 1
|o 001.42 SJO 1980
|p 1614762
|r 2023-11-23
|s 2023-10-23
|w 2019-11-19
|y BK
|k EDU
|